000 00471nam a22001697a 4500
999 _c525205
_d525205
003 NUST
038 _awaseem
082 _a954.07
_bSIN
100 _aSingh, Gunda
_915953
245 _aPunjab Uthay Angraiz De Qabza /
_cGunda Singh
260 _aLahore :
_bSuchet Kitab Ghar,
_c2005.
300 _a188 p. ;
500 _aHardcover.
880 _6100-01\r
_aگنڈا سنگھ
880 _6245-02\r
_aپنجاب اتے انگریزاں دا قبضہ /
942 _2ddc
_cBK